| 000 | 00780nam a22001937a 4500 | ||
|---|---|---|---|
| 003 | NUST - PNEC | ||
| 005 | 20170116180803.0 | ||
| 008 | 150420b xxu||||| |||| 00| 0 eng d | ||
| 020 | _a- | ||
| 040 | _cLIBRARY | ||
| 082 | _a297.24 MUN | ||
| 100 |
_92761 _aMunir Mohammad |
||
| 245 |
_aGod, universe, and life : spiritual interpretation of the universe : a scientific study _cMohammad Munir |
||
| 260 |
_aIslamabad : _cc1982. |
||
| 300 |
_a216 pages ; _c23 cm. |
||
| 650 |
_92760 _aIslamic cosmology _xGeneral |
||
| 856 | _uhttp://www.amazon.com/God-universe-life-interpretation-scientific/dp/B0006EF25I/ref=sr_1_1?s=books&ie=UTF8&qid=1429508675&sr=1-1&keywords=God%2C+universe%2C+and+life+%3A+spiritual+interpretation+of+the+universe+%3A+a+scientific+study | ||
| 942 |
_2ddc _cBK |
||
| 999 |
_c63081 _d63081 |
||